| 000 | 00980nam2a22002411 4500 | ||
|---|---|---|---|
| 001 | rc\92368 | ||
| 005 | 20250620200744.0 | ||
| 010 |
_a5-7020-0539-2 _950000 |
||
| 035 | _a(NLR Aleph) 005401629 | ||
| 090 |
_a7280788 _c7280788 |
||
| 100 | _a20021216d1993 |||y0rusy50 ca | ||
| 101 | 0 | _arus | |
| 102 | _aRU | ||
| 105 | _aa ||||||||| | ||
| 200 | 0 |
_aКн. 2 _e[Пер. с англ.] _f[Перевод С. Морозова] |
|
| 210 |
_d1993 _aБ. м. |
||
| 215 |
_a445, [1] с. _cил. _d20 |
||
| 461 | 0 |
_1001rc\92366 _12001#$aСтолпы земли$e[Ист. роман]$eВ 2 кн.$fКен Фоллетт$g[Перевод с англ. В. Тетевина]$vКн. 2 _1700#1$aФоллетт$bК.$gКен$f1949- _97280773 _aФоллетт, К. (1949-) _cМ. _d1993- _fКен Фоллетт _nНовости _o[Ист. роман] : В 2 кн. _tСтолпы земли _vКн. 2 |
|
| 801 | 0 |
_aRU _bNLR _gpsbo |
|
| 801 | 1 |
_aRU _bELAR _2rusmarc |
|
| 852 |
_aNLR _j92-3/8382 |
||
| 942 | _cBOOK | ||
| 980 | _aNB | ||